LEADER 03039nam 22006254a 450 001 9910453887003321 005 20200520144314.0 010 $a1-281-80693-5 010 $a9786611806934 010 $a0-8261-1926-3 035 $a(CKB)1000000000705014 035 $a(EBL)423282 035 $a(OCoLC)476261909 035 $a(SSID)ssj0000177420 035 $a(PQKBManifestationID)11922934 035 $a(PQKBTitleCode)TC0000177420 035 $a(PQKBWorkID)10216534 035 $a(PQKB)10540234 035 $a(MiAaPQ)EBC423282 035 $a(Au-PeEL)EBL423282 035 $a(CaPaEBR)ebr10265626 035 $a(EXLCZ)991000000000705014 100 $a20021011d2003 uy 0 101 0 $aeng 135 $aur|n|---||||| 181 $ctxt 182 $cc 183 $acr 200 10$aImproving nursing home care of the dying$b[electronic resource] $ea training manual for nursing home staff /$fMartha L. Henderson, Laura C. Hanson, Kimberly S. Reynolds 210 $aNew York $cSpringer Pub. Co.$dc2003 215 $a1 online resource (209 p.) 300 $aDescription based upon print version of record. 311 $a0-8261-1925-5 320 $aIncludes bibliographical references and index. 327 $aContents; Foreword; Preface; Acknowledgments; Notes for the Facilitator; 1 Envisioning a Good Death; 2 Recognizing the Final Phase of Life; 3 Grief and Loss: Understanding and Supporting Families; 4 Advance Care Planning; 5 Choices About Eating and Drinking; 6 Pain Management; 7 Emotional and Spiritual Care; 8 Caring for the Caregiver: Taking Care of Yourself Emotionally; References; Appendix A: Prognostic Guidelines; Appendix B: Approaches to Pain Assessment and Treatment; Appendix C: Advance Care Planning Booklet for Nursing Home Residents 327 $aAppendix D: Advance Care Planning Booklet for Families of Nursing Home ResidentsAppendix E: Participant Handouts 330 $aIn eight innovative sessions, Henderson, Hanson, and Reynolds provide sage advice, numerous case studies, a wide variety of assessment tools, intructional guidelines, and practical exercises to educate nursing home staff about care of the dying. A Multidisciplinary focus outlines important roles for all staff members in providing competent and compassionate end-of-life care. ;chapter 606 $aNursing home patients$xCare$vHandbooks, manuals, etc 606 $aTerminal care$vHandbooks, manuals, etc 606 $aOlder people$xNursing home care$vHandbooks, manuals, etc 608 $aElectronic books. 615 0$aNursing home patients$xCare 615 0$aTerminal care 615 0$aOlder people$xNursing home care 676 $a362.1/75 700 $aHenderson$b Martha L.$cMSN.$01054008 701 $aHanson$b Laura C$01054009 701 $aReynolds$b Kimberly S$01054010 801 0$bMiAaPQ 801 1$bMiAaPQ 801 2$bMiAaPQ 906 $aBOOK 912 $a9910453887003321 996 $aImproving nursing home care of the dying$92486311 997 $aUNINA LEADER 01688nas 22005173a 450 001 996200470103316 005 20240114213020.0 011 $a2471-8017 035 $a(DE-599)ZDB2853565-0 035 $a(OCoLC)565613757 035 $a(CKB)4340000000003932 035 $a(CONSER)--2016201611 035 $a(EXLCZ)994340000000003932 100 $a20100321b18931901 --- a 101 0 $aeng 135 $aurbn||||||abp 135 $aurbn||||||ada 181 $ctxt$2rdacontent 182 $cc$2rdamedia 183 $acr$2rdacarrier 200 04$aThe Asa Gray bulletin 210 $a[Alcove, NY] $c[Gray Memorial Botanical Chapter]$d1893-[1900] 300 $aEditors: 1893-Mar. 1897, Constance G. DuBois.--June 1897-Oct. 1898, G.H. Hicks.--Dec. 1898-Dec. 1900, T.A. Williams and C.L. Shear. 311 $a2470-5985 531 0 $aAsa Gray bull. 606 $aBotany$vPeriodicals 606 $aBotany$vBibliography$vPeriodicals 606 $aBotanika$2dbn 606 $aBotany$2fast$3(OCoLC)fst00836869 608 $aCzasopismo przyrodnicze.$2dbn 608 $aBibliographies.$2fast 608 $aPeriodicals.$2fast 615 0$aBotany 615 0$aBotany 615 7$aBotanika. 615 7$aBotany. 676 $a580.5 701 $aHicks$b Gilbert Henry$f1861-1898.$0913884 701 $aWilliams$b Thomas A$g(Thomas Albert),$f1865-1900.$01074557 701 $aDuBois$b Constance Goddard$0913886 701 $aShear$b C. L$g(Cornelius Lott),$f1865-1956.$0913887 712 02$aAgassiz Association.$bGray Memorial Botanical Chapter. 906 $aJOURNAL 912 $a996200470103316 996 $aThe Asa Gray bulletin$92576323 997 $aUNISA